000 00780nam a2200241 i 4500
003 OSt
005 20241025120946.0
008 240427s1998 hk |||||r|||| 00| 0 eng d
020 _a9627341320
040 _aLHL
_beng
_cLHL
_erda
100 _aTsoknyi Rinpoche
245 _aCarefree Dignity :
_bdiscourses on training in the nature of mind /
_cby Drubwang Tsoknyi Rinpoche.
264 _aHong Kong :
_bRangjung Yeshe,
_c1998.
300 _a236 pages ;
_c23 cm.
336 _2rdacontent
_atext
_btxt
337 _2rdamedia
_aunmediated
_bn
338 _2rdacarrier
_avolume
_bnc
650 _aMeditation
700 _aKunsang, Erik Pema
_etranslator & complier
700 _aSchmidt, Marcia Binder
_etranslator & complier
700 _aMoran, Kerry
_eeditor
942 _cBOOK
_n0
_2LCS
999 _c2387
_d2387